[Event "Thüringenliga 2012/2013"]
[Site "?"]
[Date "2012.11.04"]
[Round "2"]
[White "Albrecht, Jürgen"]
[Black "Töpfer, Albrecht"]
[Result "1/2-1/2"]
[WhiteElo "2046"]
[BlackElo "1918"]
[PlyCount "58"]
[EventDate "2012.??.??"]
[WhiteTeam "SSV Vimaria 91 Weimar"]
[BlackTeam "Ilmenauer SV"]

1. e4 c5 2. Nf3 d6 3. d4 cxd4 4. Nxd4 Nf6 5. Nc3 g6 6. f4 Nbd7 7. Bb5 Qc7 8.
Qe2 a6 9. e5 axb5 10. Ndxb5 Qc6 11. exf6 Nxf6 12. O-O Bg4 13. Qe3 Bg7 14. h3
Bd7 15. Rd1 Be6 16. Re1 Qd7 17. Nd4 Nd5 18. Qd3 Nxc3 19. bxc3 O-O 20. Nxe6 fxe6
21. Re4 Rfc8 22. Bd2 Rc5 23. Rae1 Rd5 24. Qe2 e5 25. c4 Rd4 26. Bc3 Rxe4 27.
Qxe4 Qc6 28. fxe5 Qxe4 29. Rxe4 Bxe5 1/2-1/2

[Event "Thüringenliga 2012/2013"]
[Site "?"]
[Date "2012.11.04"]
[Round "2"]
[White "Rempel, Patrick"]
[Black "Philipp, Michael"]
[Result "1/2-1/2"]
[WhiteElo "2023"]
[BlackElo "1972"]
[PlyCount "100"]
[EventDate "2012.??.??"]
[WhiteTeam "Ilmenauer SV"]
[BlackTeam "SSV Vimaria 91 Weimar"]

1. e4 c5 2. Nf3 Nc6 3. d4 cxd4 4. Nxd4 g6 5. c4 Nf6 6. Nc3 Nxd4 7. Qxd4 d6 8.
Be3 Bg7 9. f3 O-O 10. Qd2 Be6 11. Rc1 Qa5 12. Bd3 Rfc8 13. b3 a6 14. Na4 Qxd2+
15. Kxd2 Nd7 16. h4 f5 17. h5 Rf8 18. hxg6 hxg6 19. c5 Ne5 20. cxd6 Rad8 21.
Bb1 Rxd6+ 22. Ke2 Bd7 23. Nc3 Rc8 24. Nd5 Bb5+ 25. Kf2 Rxc1 26. Rxc1 e6 27. Nf4
Kf7 28. Rc7+ Rd7 29. Rxd7+ Nxd7 30. exf5 gxf5 31. a4 Bc6 32. Ba2 e5 33. b4+ Ke7
34. Ne6 Bf6 35. a5 f4 36. Bc1 Bh4+ 37. Kg1 Be1 38. Ba3 Bb5 39. Ng5 Nb8 40. Ne4
Nc6 41. Bd5 Bxb4 42. Bxb4+ Nxb4 43. Bxb7 Bc6 44. Bxc6 Nxc6 45. Kf2 Nb4 46. g4
fxg3+ 47. Kxg3 Ke6 48. Kg4 Kd5 49. Kf5 Nc6 50. Nf6+ Kd4 1/2-1/2

[Event "Thüringenliga 2012/2013"]
[Site "?"]
[Date "2012.11.04"]
[Round "2"]
[White "Riedel, Finn"]
[Black "Falk, Kristoffer"]
[Result "0-1"]
[WhiteElo "1988"]
[BlackElo "1862"]
[PlyCount "82"]
[EventDate "2012.??.??"]
[WhiteTeam "SSV Vimaria 91 Weimar"]
[BlackTeam "Ilmenauer SV"]

1. c4 e5 2. Nc3 f5 3. Nf3 d6 4. d4 e4 5. Ng5 Be7 6. Nh3 c6 7. e3 Nf6 8. Be2 O-O
9. O-O Na6 10. f3 d5 11. cxd5 cxd5 12. Qb3 Nc7 13. Bd2 Kh8 14. Rac1 exf3 15.
gxf3 Bd6 16. Kh1 Bd7 17. Nd1 Bc6 18. Bb4 Ne6 19. Ndf2 f4 20. Nxf4 Nxf4 21. exf4
Nh5 22. Bxd6 Qxd6 23. Nd3 Qh6 24. Rg1 Rae8 25. Ne5 Nxf4 26. Rce1 Rxe5 27. dxe5
d4 28. Qb4 Rc8 29. Bd1 Qh3 30. Ref1 Nd3 31. Qxd4 Qf5 32. e6 Ne5 33. e7 Re8 34.
Rg3 Rxe7 35. Rfg1 Rd7 36. Qh4 Nxf3 37. Bxf3 Bxf3+ 38. R3g2 Bxg2+ 39. Kxg2 Rd2+
40. Kg3 Qf2+ 41. Kg4 Qxg1+ 0-1

[Event "Thüringenliga 2012/2013"]
[Site "?"]
[Date "2012.11.04"]
[Round "2"]
[White "Leuner, Klaus"]
[Black "Stiefel, Roland"]
[Result "1-0"]
[WhiteElo "1871"]
[BlackElo "1998"]
[PlyCount "89"]
[EventDate "2012.??.??"]
[WhiteTeam "Ilmenauer SV"]
[BlackTeam "SSV Vimaria 91 Weimar"]

1. d4 c5 2. d5 Nf6 3. Nc3 d6 4. e4 g6 5. Bc4 Bg7 6. Nf3 O-O 7. O-O Nbd7 8. h3
a6 9. a4 b6 10. Re1 Ne8 11. Bf4 Ne5 12. Nxe5 dxe5 13. Be3 Nd6 14. Be2 Qc7 15.
Qd2 Bd7 16. f3 b5 17. b3 Rfc8 18. Rec1 Qb7 19. a5 Qc7 20. Ra2 Nb7 21. d6 Qxd6
22. Qxd6 exd6 23. Nd5 Rd8 24. Bg5 f6 25. Bxf6 Bxf6 26. Nxf6+ Kg7 27. Nd5 Ra7
28. Rd1 Kf7 29. f4 exf4 30. Nxf4 Be6 31. Nd5 Bxd5 32. Rxd5 Ke7 33. c3 Raa8 34.
b4 Rf8 35. Rad2 Rad8 36. Bxb5 axb5 37. a6 Rf6 38. axb7 Rb8 39. e5 dxe5 40. Rd7+
Ke6 41. bxc5 Rff8 42. c6 e4 43. R2d4 Kf5 44. Re7 Rf6 45. c7 1-0

[Event "Thüringenliga 2012/2013"]
[Site "?"]
[Date "2012.11.04"]
[Round "2"]
[White "Gulich, Christian"]
[Black "Ortlepp, Steffen"]
[Result "1/2-1/2"]
[WhiteElo "1965"]
[BlackElo "1819"]
[PlyCount "24"]
[EventDate "2012.??.??"]
[WhiteTeam "SSV Vimaria 91 Weimar"]
[BlackTeam "Ilmenauer SV"]

1. e4 e5 2. Nf3 Nc6 3. d4 exd4 4. Bc4 Nf6 5. O-O Nxe4 6. Re1 d5 7. Bxd5 Qxd5 8.
Nc3 Qh5 9. Nxe4 Be6 10. Bg5 Bd6 11. Nxd6+ cxd6 12. Bf4 Qd5 1/2-1/2

[Event "Thüringenliga 2012/2013"]
[Site "?"]
[Date "2012.11.04"]
[Round "2"]
[White "Schenk, Stefan"]
[Black "Anschütz, Mario"]
[Result "0-1"]
[WhiteElo "1866"]
[BlackElo "1813"]
[PlyCount "78"]
[EventDate "2012.??.??"]
[WhiteTeam "Ilmenauer SV"]
[BlackTeam "SSV Vimaria 91 Weimar"]

1. e4 e6 2. d4 d5 3. Nd2 c5 4. exd5 Qxd5 5. Ngf3 cxd4 6. Bc4 Qc5 7. Qe2 Nc6 8.
Ne4 Qb6 9. O-O Nf6 10. Neg5 h6 11. Bxe6 Bxe6 12. Nxe6 fxe6 13. Qxe6+ Be7 14.
Re1 Qd8 15. Nh4 Qd7 16. Nf5 Kf8 17. Qxd7 Nxd7 18. Nxe7 Nxe7 19. Bf4 Nc6 20.
Rad1 Nf6 21. b4 b5 22. a4 a6 23. Ra1 Kf7 24. Bd6 Nd5 25. Bc5 Ndxb4 26. Rab1
Nxc2 27. Rec1 d3 28. axb5 axb5 29. Rxb5 Rhe8 30. Rb7+ Kg8 31. Be3 Nxe3 32. fxe3
Rxe3 33. Rd7 Ra2 34. Rd6 Ne5 35. Kf1 Ree2 36. Rd5 Rf2+ 37. Kg1 Rxg2+ 38. Kh1
Rxh2+ 39. Kg1 Nf3+ 0-1

[Event "Thüringenliga 2012/2013"]
[Site "?"]
[Date "2012.11.04"]
[Round "2"]
[White "Siebarth, Raiko"]
[Black "du Maire, Jérôme"]
[Result "1/2-1/2"]
[WhiteElo "2269"]
[BlackElo "2015"]
[PlyCount "81"]
[EventDate "2012.??.??"]
[WhiteTeam "SG Blau-Weiß Stadtilm"]
[BlackTeam "SV 1861 Liebschwitz"]

1. c4 e6 2. Nc3 d5 3. d4 Be7 4. Bf4 Nf6 5. e3 O-O 6. Nf3 c5 7. Bd3 Nc6 8. dxc5
Bxc5 9. O-O dxc4 10. Bxc4 b6 11. Qe2 Bb7 12. Rfd1 Qe8 13. Nb5 Rd8 14. Nd6 Qe7
15. Nxb7 Qxb7 16. Ne5 Nxe5 17. Bxe5 Qe7 18. a3 a5 19. Qf3 Rxd1+ 20. Rxd1 Rd8
21. Bd3 Rd5 22. Bc3 Qd8 23. Bc2 Rxd1+ 24. Qxd1 Qxd1+ 25. Bxd1 Nd5 26. Bd2 Kf8
27. Kf1 Ke7 28. Ke2 Kd7 29. Ba4+ Kc7 30. Bc2 g6 31. h4 Bf8 32. e4 Nf6 33. Bf4+
Kc6 34. Be5 Nd7 35. Bc3 e5 36. Bb3 f6 37. Bg8 h6 38. Bf7 g5 39. Kf3 Bc5 40. Bd2
Kd6 41. hxg5 1/2-1/2

[Event "Thüringenliga 2012/2013"]
[Site "?"]
[Date "2012.11.04"]
[Round "2"]
[White "Hermannsdörfer, Frank"]
[Black "Schneider, Christian"]
[Result "1/2-1/2"]
[WhiteElo "2137"]
[BlackElo "2202"]
[PlyCount "166"]
[EventDate "2012.??.??"]
[WhiteTeam "SV 1861 Liebschwitz"]
[BlackTeam "SG Blau-Weiß Stadtilm"]

1. e4 c6 2. d4 d5 3. f3 e6 4. Nc3 Bb4 5. Bf4 Nf6 6. Qd3 b6 7. Nge2 Ba6 8. Qe3
Nbd7 9. O-O-O Be7 10. g4 Nf8 11. Kb1 Ng6 12. e5 Nd7 13. Bg3 Bxe2 14. Bxe2 a6
15. f4 c5 16. Bf3 cxd4 17. Qxd4 Bc5 18. Qd2 O-O 19. Nxd5 exd5 20. Bxd5 Rc8 21.
Bb7 Rc7 22. Bxa6 Qe7 23. Bb5 Ra7 24. Bxd7 Rd8 25. e6 Nf8 26. f5 fxe6 27. fxe6
Nxd7 28. exd7 Raxd7 29. Qc1 Qe2 30. Rxd7 Rxd7 31. h3 Qg2 32. Bf4 Rf7 33. Be5
Re7 34. Bc3 h6 35. a3 Rf7 36. Re1 Qxh3 37. Qd1 Kh7 38. g5 Qf5 39. gxh6 gxh6 40.
Qd8 Rf8 41. Qd2 Qf4 42. Qg2 Rf7 43. Bd2 Qf3 44. Qh2 Bf8 45. Bc3 Qf4 46. Qe2 Bc5
47. b4 Bf8 48. Qe6 b5 49. Rh1 Qf3 50. Rh3 Qf5 51. Qe3 Re7 52. Rxh6+ Bxh6 53.
Qxe7+ Kg6 54. Qe8+ Kh7 55. Kb2 Qd5 56. Qe7+ Kg6 57. Qe5 Qc4 58. Qf6+ Kh7 59.
Qa6 Qf1 60. Qb7+ Kg6 61. Qc6+ Kh5 62. Qd5+ Kg4 63. Qe6+ Kh5 64. Qd5+ Kg4 65.
Bd2 Bg7+ 66. c3 Bf6 67. Qe6+ Kh5 68. Qf7+ Kg4 69. Qg6+ Kh4 70. Qe4+ Kh5 71. Qf4
Qd3 72. Kc1 Kg6 73. Qh6+ Kf7 74. Qh5+ Ke6 75. Qh6 Kf7 76. Qf4 Kg6 77. Qe3 Qxe3
78. Bxe3 Bxc3 79. Kc2 Be5 80. Bc1 Kf5 81. Bb2 Bf4 82. Kd3 Ke6 83. Ke4 Bh2
1/2-1/2

[Event "Thüringenliga 2012/2013"]
[Site "?"]
[Date "2012.11.04"]
[Round "2"]
[White "Rätsch, Heinz"]
[Black "Zeidler, Andreas"]
[Result "0-1"]
[WhiteElo "2110"]
[BlackElo "2104"]
[PlyCount "92"]
[EventDate "2012.??.??"]
[WhiteTeam "SG Blau-Weiß Stadtilm"]
[BlackTeam "SV 1861 Liebschwitz"]

1. Nc3 g6 2. e4 Bg7 3. Nf3 d6 4. Bc4 c6 5. a4 Nf6 6. Bb3 d5 7. exd5 cxd5 8. O-O
Nc6 9. h3 O-O 10. d4 e6 11. Bf4 Ne4 12. Ne2 Na5 13. Ba2 b6 14. Qd3 Bb7 15. b4
Nc6 16. c3 Rc8 17. Qe3 Ne7 18. Nd2 Nf5 19. Qd3 Nfd6 20. Nxe4 dxe4 21. Qe3 Bd5
22. Bxd5 exd5 23. Bxd6 Qxd6 24. a5 b5 25. Nc1 f5 26. f4 Qc6 27. Ne2 Qc4 28.
Rfd1 a6 29. Rac1 Rc7 30. Kf2 Rfc8 31. g4 fxg4 32. hxg4 Rf7 33. g5 Bf8 34. Qh3
Re8 35. Ke3 Bd6 36. Rd2 Qc7 37. Rf1 Rf5 38. Rdd1 Ref8 39. Qg4 R8f7 40. Rf2 Be7
41. Rff1 Bxg5 42. Rc1 Qc4 43. Rcd1 Be7 44. Kd2 Bd6 45. Rf2 Qd3+ 46. Ke1 Qe3 0-1

[Event "Thüringenliga 2012/2013"]
[Site "?"]
[Date "2012.11.04"]
[Round "2"]
[White "Gerhardt, Frank"]
[Black "George, Tom"]
[Result "1-0"]
[WhiteElo "2014"]
[BlackElo "1877"]
[PlyCount "63"]
[EventDate "2012.??.??"]
[WhiteTeam "SV 1861 Liebschwitz"]
[BlackTeam "SG Blau-Weiß Stadtilm"]

1. e4 Nf6 2. e5 Nd5 3. d4 d6 4. c4 Nb6 5. f4 g6 6. Nf3 Bg7 7. Be2 O-O 8. O-O
Bf5 9. Nc3 N8d7 10. Nh4 e6 11. Nxf5 exf5 12. Be3 Re8 13. c5 Nc8 14. Qd2 dxc5
15. dxc5 Ne7 16. Rad1 Nf8 17. Qc2 Qc8 18. Bb5 c6 19. Bc4 Qc7 20. Qb3 Nc8 21.
Rd2 Ne6 22. Rfd1 Re7 23. Ne2 Qa5 24. Bxe6 fxe6 25. a3 Bf8 26. Qa2 Kf7 27. b4
Qc7 28. Nd4 Qb8 29. Qb3 a6 30. Nf3 h6 31. Rd7 Bg7 32. Nd4 1-0

[Event "Thüringenliga 2012/2013"]
[Site "?"]
[Date "2012.11.04"]
[Round "2"]
[White "Siebarth, Marco"]
[Black "Kastner, Peter"]
[Result "0-1"]
[WhiteElo "1975"]
[BlackElo "1963"]
[PlyCount "100"]
[EventDate "2012.??.??"]
[WhiteTeam "SG Blau-Weiß Stadtilm"]
[BlackTeam "SV 1861 Liebschwitz"]

1. e4 c5 2. Nf3 d6 3. d4 cxd4 4. Nxd4 Nf6 5. Nc3 a6 6. Bc4 e6 7. Bb3 Be7 8. O-O
O-O 9. Qf3 Nbd7 10. Qg3 Nc5 11. Bh6 Ne8 12. Rad1 Nxb3 13. axb3 Bh4 14. Qg4 f5
15. exf5 exf5 16. Qh5 gxh6 17. Nf3 Bf6 18. Qxh6 Bxc3 19. Ng5 Qe7 20. bxc3 Qg7
21. Qh4 h6 22. Nh3 Qf6 23. Qf4 b5 24. Qf3 Ra7 25. Nf4 Raf7 26. Rfe1 Kh7 27. Rd4
Re7 28. Re3 Rxe3 29. fxe3 Qe5 30. Rd3 Rf7 31. Qh5 Rg7 32. Nd5 Nf6 33. Nxf6+
Qxf6 34. g3 Bb7 35. Qd1 Rd7 36. Rd4 Be4 37. c4 bxc4 38. bxc4 Qe5 39. Kf2 a5 40.
c3 Kg6 41. Qb3 Rb7 42. Qa3 Rb6 43. Qa2 Qc5 44. Qa4 Rb2+ 45. Kg1 Bc6 46. Qd1
Rg2+ 47. Kf1 Rxh2 48. Rxd6+ Kg5 49. Qd4 Qxd4 50. cxd4 a4 0-1

[Event "Thüringenliga 2012/2013"]
[Site "?"]
[Date "2012.11.04"]
[Round "2"]
[White "Weiß, Werner"]
[Black "Berner, Stephan"]
[Result "1-0"]
[WhiteElo "1997"]
[BlackElo "1809"]
[PlyCount "97"]
[EventDate "2012.??.??"]
[WhiteTeam "SV 1861 Liebschwitz"]
[BlackTeam "SG Blau-Weiß Stadtilm"]

1. e4 c6 2. d3 g6 3. g3 Bg7 4. Bg2 d5 5. Nd2 Nf6 6. Ngf3 O-O 7. O-O e6 8. Re1
b6 9. e5 Nfd7 10. Qe2 Qc7 11. Nf1 c5 12. Bf4 Ba6 13. Ne3 Nc6 14. Ng4 Rac8 15.
Qd2 Nd4 16. Nxd4 cxd4 17. Re2 Rfd8 18. Rae1 Qc5 19. Nh6+ Kf8 20. Bg5 Re8 21.
Ng4 Kg8 22. Nf6+ Nxf6 23. exf6 Bf8 24. Bh6 Red8 25. Bxf8 Qxf8 26. Qf4 Qc5 27.
h4 Rc7 28. h5 Rdc8 29. hxg6 hxg6 30. Bxd5 Qf8 31. Bb3 Rd7 32. f3 Qd6 33. Re5
Rc5 34. Qh6 Qf8 35. Qxf8+ Kxf8 36. f4 Kg8 37. Kf2 Bb7 38. Rxc5 bxc5 39. Re5 Rc7
40. Bc4 Kf8 41. g4 Bc8 42. Ke2 Bd7 43. Kd2 Rc8 44. b3 Rc7 45. f5 gxf5 46. gxf5
Bc8 47. fxe6 fxe6 48. Bxe6 Bb7 49. Rh5 1-0

[Event "Thüringenliga 2012/2013"]
[Site "?"]
[Date "2012.11.04"]
[Round "2"]
[White "Dittrich, Hans-Georg"]
[Black "Biel, Maik"]
[Result "0-1"]
[WhiteElo "1667"]
[BlackElo "1968"]
[PlyCount "70"]
[EventDate "2012.??.??"]
[WhiteTeam "SG Blau-Weiß Stadtilm"]
[BlackTeam "SV 1861 Liebschwitz"]

1. e4 c5 2. Nf3 e6 3. d4 cxd4 4. Nxd4 Nf6 5. Nc3 d6 6. g4 h6 7. h3 Nc6 8. Be3
Bd7 9. Qd2 a6 10. O-O-O Rc8 11. f4 Nxd4 12. Qxd4 Bc6 13. Rg1 b5 14. Bg2 Nd7 15.
f5 e5 16. Qd2 Qa5 17. Kb1 Bb7 18. Qf2 Nc5 19. Nd5 Bxd5 20. exd5 Na4 21. Bd2 b4
22. a3 Nc3+ 23. bxc3 bxc3 24. Ka2 cxd2 25. Qxd2 Rc3 26. Qc1 Qa4 27. Rd2 Be7 28.
Qb2 Qc4+ 29. Kb1 O-O 30. Qb4 Qc7 31. Ka2 Rb8 32. Qa4 Qb6 33. Qb4 Rxa3+ 34. Qxa3
Qxg1 35. Be4 Qb1# 0-1

[Event "Thüringenliga 2012/2013"]
[Site "?"]
[Date "2012.11.04"]
[Round "2"]
[White "Birke, Andreas"]
[Black "Werner, Justus"]
[Result "1-0"]
[WhiteElo "2116"]
[BlackElo "1651"]
[PlyCount "57"]
[EventDate "2012.??.??"]
[WhiteTeam "SV 1861 Liebschwitz"]
[BlackTeam "SG Blau-Weiß Stadtilm"]

1. e4 c5 2. c3 Nf6 3. e5 Nd5 4. Bc4 Nb6 5. Bb3 e6 6. f4 d5 7. d4 Nc6 8. Nf3 Qc7
9. O-O Be7 10. a3 Bd7 11. Kh1 Na5 12. Bc2 Rc8 13. dxc5 Na8 14. b4 Nc6 15. Nd4
a6 16. Be3 b6 17. Nb3 Nb8 18. N1d2 Bb5 19. Rf3 Nd7 20. a4 Bc4 21. Nxc4 dxc4 22.
cxb6 Naxb6 23. Nd4 Nd5 24. Bg1 N7b6 25. Qe2 h6 26. f5 exf5 27. Nxf5 O-O 28. Qe4
Qc6 29. Nxe7+ 1-0

[Event "Thüringenliga 2012/2013"]
[Site "?"]
[Date "2012.11.04"]
[Round "2"]
[White "Langheinrich, Ferenc"]
[Black "Kottwitz, Daniel"]
[Result "1-0"]
[WhiteElo "2330"]
[BlackElo "1887"]
[PlyCount "55"]
[EventDate "2012.??.??"]
[WhiteTeam "SC 51 Nordhausen"]
[BlackTeam "Schachzirkel Elstertal Langenberg"]

1. e4 e6 2. d4 d5 3. Nc3 dxe4 4. Nxe4 Nd7 5. Nf3 Ngf6 6. Nxf6+ Nxf6 7. Be3 Be7
8. Bd3 O-O 9. Qe2 b6 10. O-O-O Bb7 11. h4 c6 12. Bf4 Qd5 13. Kb1 Qh5 14. c4
Rfe8 15. Qc2 c5 16. Ne5 Bxg2 17. Rhg1 Bb7 18. Rg5 Qxh4 19. Rdg1 Bf8 20. Ng4 Nd7
21. d5 Kh8 22. Qc1 Qh3 23. Ne3 Qf3 24. Bg3 exd5 25. Rf5 Rxe3 26. fxe3 Qg4 27.
Bf4 Qh4 28. Rh1 1-0

[Event "Thüringenliga 2012/2013"]
[Site "?"]
[Date "2012.11.04"]
[Round "2"]
[White "Sobolevsky, Leonid"]
[Black "Milchev, Nikolay"]
[Result "1/2-1/2"]
[WhiteElo "2150"]
[BlackElo "2433"]
[PlyCount "94"]
[EventDate "2012.??.??"]
[WhiteTeam "Schachzirkel Elstertal Langenberg"]
[BlackTeam "SC 51 Nordhausen"]

1. e4 e5 2. Nf3 Nf6 3. d4 Nxe4 4. Bd3 Nc6 5. Nxe5 d5 6. Nxc6 bxc6 7. Qe2 Qe7 8.
O-O Nd6 9. Re1 Qxe2 10. Rxe2+ Be6 11. Nd2 Kd7 12. Nb3 Nf5 13. Bd2 h5 14. a3 Bd6
15. Bb4 a5 16. Bxd6 cxd6 17. a4 Rhb8 18. Ra3 Rxb3 19. Rxb3 Nxd4 20. Rb7+ Kc8
21. Rxe6 Kxb7 22. Re7+ Kb6 23. Rxf7 g5 24. f4 g4 25. Kf2 Ne6 26. Kg3 Nc5 27.
Bg6 Nxa4 28. b3 Nc5 29. f5 Ne4+ 30. Kh4 a4 31. bxa4 Rxa4 32. Kxh5 Rc4 33. f6
Rxc2 34. Bxe4 dxe4 35. Re7 Rxg2 36. Rxe4 Rxh2+ 37. Kxg4 Rh8 38. Kf5 d5 39. Re7
Rh1 40. Ke5 Kc5 41. f7 Re1+ 42. Kf6 Rf1+ 43. Ke6 d4 44. Re8 d3 45. f8=Q+ Rxf8
46. Rxf8 Kd4 47. Rd8+ Ke3 1/2-1/2

[Event "Thüringenliga 2012/2013"]
[Site "?"]
[Date "2012.11.04"]
[Round "2"]
[White "Kuntze, Andreas"]
[Black "Watzke, Birger"]
[Result "1/2-1/2"]
[WhiteElo "2020"]
[BlackElo "2154"]
[PlyCount "24"]
[EventDate "2012.??.??"]
[WhiteTeam "SC 51 Nordhausen"]
[BlackTeam "Schachzirkel Elstertal Langenberg"]

1. e4 c5 2. Nc3 d6 3. f4 Nc6 4. Nf3 e6 5. Bb5 Bd7 6. O-O Nge7 7. d3 a6 8. Bc4
Na5 9. f5 exf5 10. Bxf7+ Kxf7 11. Ng5+ Kg8 12. exf5 Nac6 1/2-1/2

[Event "Thüringenliga 2012/2013"]
[Site "?"]
[Date "2012.11.04"]
[Round "2"]
[White "Frommelt, Hans-Jürgen"]
[Black "Königsmann, Marcus"]
[Result "1-0"]
[WhiteElo "1965"]
[BlackElo "1907"]
[PlyCount "69"]
[EventDate "2012.??.??"]
[WhiteTeam "Schachzirkel Elstertal Langenberg"]
[BlackTeam "SC 51 Nordhausen"]

1. e4 c5 2. Nf3 Nc6 3. d4 cxd4 4. Nxd4 Nf6 5. Nc3 e5 6. Nb3 d6 7. Be2 Be7 8.
O-O O-O 9. Be3 a6 10. Bf3 Be6 11. Nd5 b5 12. a4 Rc8 13. axb5 axb5 14. c3 Nd7
15. Qd3 b4 16. Rfd1 bxc3 17. bxc3 f5 18. exf5 Bxf5 19. Nxe7+ Nxe7 20. Qxd6 Rf6
21. Qb4 Rb8 22. Qa4 Qc7 23. Nd2 Qxc3 24. Ne4 Bxe4 25. Bxe4 Nf8 26. Qa7 Re8 27.
Bc5 Rf7 28. Rac1 Qb2 29. Rb1 Qc3 30. Rb7 Nc8 31. Qa2 Ne6 32. Bb4 Rd8 33. Rxd8+
Nxd8 34. Bxc3 Nxb7 35. Bxb7 1-0

[Event "Thüringenliga 2012/2013"]
[Site "?"]
[Date "2012.11.04"]
[Round "2"]
[White "Koksch, Robert"]
[Black "Streit, Michael"]
[Result "1/2-1/2"]
[WhiteElo "1934"]
[BlackElo "1893"]
[PlyCount "86"]
[EventDate "2012.??.??"]
[WhiteTeam "SC 51 Nordhausen"]
[BlackTeam "Schachzirkel Elstertal Langenberg"]

1. d4 Nf6 2. c4 e6 3. Nc3 Bb4 4. e3 O-O 5. Bd3 d5 6. Nge2 c6 7. O-O Nbd7 8. e4
dxe4 9. Nxe4 Nxe4 10. Bxe4 Nf6 11. Bc2 h6 12. Qd3 Bd6 13. Bf4 Qc7 14. Bg3 g6
15. Rad1 Nh5 16. Qe3 Nxg3 17. fxg3 Kg7 18. Nc3 f5 19. c5 Be7 20. g4 Bg5 21. Qf2
Bd7 22. h4 fxg4 23. Qe2 Bxh4 24. Qe4 Rf5 25. Qxg4 Rxf1+ 26. Rxf1 Qg3 27. Qe4
Rf8 28. Rxf8 Kxf8 29. Ne2 Qf2+ 30. Kh2 Bf6 31. Bd3 g5 32. Qg4 Qh4+ 33. Qxh4
gxh4 34. Be4 Ke7 35. b4 e5 36. d5 cxd5 37. Bxd5 Bc6 38. Bc4 a6 39. Kg1 e4 40.
Nf4 Bd4+ 41. Kf1 Kf6 42. Ke2 Kf5 43. Nd5 Ke5 1/2-1/2

[Event "Thüringenliga 2012/2013"]
[Site "?"]
[Date "2012.11.04"]
[Round "2"]
[White "Streit, Jürgen"]
[Black "Schilling, Rolf"]
[Result "1-0"]
[WhiteElo "1710"]
[BlackElo "1956"]
[PlyCount "87"]
[EventDate "2012.??.??"]
[WhiteTeam "Schachzirkel Elstertal Langenberg"]
[BlackTeam "SC 51 Nordhausen"]

1. e4 e5 2. Nf3 f5 3. exf5 e4 4. Ne5 Nf6 5. Be2 Be7 6. Bh5+ Kf8 7. Nc3 d6 8.
Nc4 Bxf5 9. Ne3 Be6 10. Be2 Nc6 11. d4 d5 12. O-O g6 13. Ng4 h5 14. Nxf6 Bxf6
15. Be3 Kg7 16. f3 exf3 17. Bxf3 Ne7 18. Qd2 Nf5 19. Bf2 g5 20. Rae1 Qd7 21.
Rxe6 Qxe6 22. Nxd5 Rad8 23. Nxf6 Qxf6 24. d5 Rhf8 25. Bxh5 Kh6 26. Bg4 Qe5 27.
h4 Qf4 28. hxg5+ Qxg5 29. Qxg5+ Kxg5 30. Bxf5 Rde8 31. Bd3 Kg4 32. a3 a6 33.
Rd1 Kf4 34. Rd2 Rg8 35. c3 Re5 36. c4 Reg5 37. g3+ Ke5 38. Re2+ Kd6 39. Re6+
Kd7 40. Kg2 c6 41. Be4 Rb8 42. Be3 Rgg8 43. Bf4 Rbe8 44. Rd6+ 1-0

[Event "Thüringenliga 2012/2013"]
[Site "?"]
[Date "2012.11.04"]
[Round "2"]
[White "Janisch, Manfred"]
[Black "Reichardt, Hans-Ulrich"]
[Result "0-1"]
[WhiteElo "1774"]
[BlackElo "1682"]
[PlyCount "94"]
[EventDate "2012.??.??"]
[WhiteTeam "Schachzirkel Elstertal Langenberg"]
[BlackTeam "SC 51 Nordhausen"]

1. d4 d5 2. Nc3 Bf5 3. Bf4 c6 4. Qd2 e6 5. a3 Nd7 6. f3 Ngf6 7. h4 Nh5 8. e4
Bg6 9. Nge2 Be7 10. g3 h6 11. Be3 Qa5 12. e5 f5 13. g4 f4 14. Bf2 Ng3 15. Nxg3
fxg3 16. Bxg3 c5 17. Nb5 Qxd2+ 18. Kxd2 Kd8 19. dxc5 Nxc5 20. Nd4 Bf7 21. b4
Nd7 22. f4 Nb6 23. f5 a5 24. b5 Bc5 25. Nb3 Be7 26. Bf2 Nd7 27. Bg3 a4 28. Nd4
Nc5 29. Bd3 Re8 30. Rhf1 Bf8 31. Rf3 Rc8 32. b6 Ne4+ 33. Bxe4 dxe4 34. Re3 Bc5
35. Rxe4 exf5 36. gxf5 Bd5 37. Rg4 Bxb6 38. Rb1 Ba5+ 39. Kd1 Rc4 40. Rb5 Bf3+
41. Nxf3 Rxg4 42. Rxa5 Rxg3 43. Ke2 Rg2+ 44. Kd3 Rg4 45. c4 Rf4 46. Nd4 Ke7 47.
Rb5 Rd8 0-1

[Event "Thüringenliga 2012/2013"]
[Site "?"]
[Date "2012.11.04"]
[Round "2"]
[White "Pichl, Michael"]
[Black "Goemann, Jens"]
[Result "1/2-1/2"]
[WhiteElo "1978"]
[BlackElo "2103"]
[PlyCount "55"]
[EventDate "2012.??.??"]
[WhiteTeam "SV Empor Erfurt"]
[BlackTeam "TSG Apolda"]

1. g3 Nf6 2. Bg2 g6 3. Nf3 Bg7 4. O-O O-O 5. c4 d6 6. d4 c6 7. Nbd2 Qa5 8. a3
Na6 9. b4 Qh5 10. Re1 e5 11. dxe5 dxe5 12. e4 Bg4 13. Bb2 Rfe8 14. Qc2 Rad8 15.
Nh4 Nc7 16. Ndf3 g5 17. h3 Bxf3 18. Nxf3 g4 19. Nh4 Ne6 20. hxg4 Nxg4 21. f3
Nh6 22. Qf2 Bf6 23. Rad1 Nd4 24. Rd2 Nb3 25. Rde2 Rd3 26. Nf5 Nxf5 27. exf5
Qxf5 28. f4 1/2-1/2

[Event "Thüringenliga 2012/2013"]
[Site "?"]
[Date "2012.11.04"]
[Round "2"]
[White "Rohmeiß, Roberto"]
[Black "Taudte, Stefan"]
[Result "0-1"]
[WhiteElo "2032"]
[BlackElo "1979"]
[PlyCount "82"]
[EventDate "2012.??.??"]
[WhiteTeam "TSG Apolda"]
[BlackTeam "SV Empor Erfurt"]

1. d4 Nf6 2. c4 c5 3. d5 e6 4. Nc3 exd5 5. cxd5 d6 6. e4 g6 7. Bd3 Bg7 8. Nge2
O-O 9. O-O Na6 10. Ng3 Nc7 11. a4 a6 12. f4 Bd7 13. h3 b5 14. Qf3 c4 15. e5
cxd3 16. exf6 Qxf6 17. f5 Bxf5 18. Nxf5 gxf5 19. Kh1 b4 20. Nd1 Qd4 21. Bf4
Qxd5 22. Qg3 Kh8 23. Bxd6 Rg8 24. Ne3 Bxb2 25. Nxd5 Rxg3 26. Nxc7 Rg6 27. Nxa8
Rxd6 28. Rab1 Bc3 29. a5 Rd5 30. Nb6 Rxa5 31. Nc4 Rc5 32. Nd6 f6 33. Nxf5 a5
34. Ne3 a4 35. Rfd1 d2 36. Nc2 b3 37. Na3 Bb4 38. Kg1 Bxa3 39. Rxd2 Rc1+ 40.
Rxc1 Bxc1 41. Rd8+ Kg7 0-1

[Event "Thüringenliga 2012/2013"]
[Site "?"]
[Date "2012.11.04"]
[Round "2"]
[White "Wahlicht, Mike"]
[Black "Schmidt, Matthias"]
[Result "1/2-1/2"]
[WhiteElo "1826"]
[BlackElo "1946"]
[PlyCount "71"]
[EventDate "2012.??.??"]
[WhiteTeam "SV Empor Erfurt"]
[BlackTeam "TSG Apolda"]

1. e4 e6 2. d4 d5 3. Nc3 Bb4 4. e5 c5 5. Bd2 Bxc3 6. Bxc3 cxd4 7. Qxd4 Ne7 8.
f4 Nbc6 9. Qf2 Bd7 10. Nf3 Nf5 11. O-O-O Qb6 12. Nd4 Nfxd4 13. Bxd4 Nxd4 14.
Rxd4 O-O-O 15. h4 Kb8 16. Rh3 Rc8 17. Rb3 Qc5 18. Qd2 Bc6 19. Qb4 Qxb4 20.
Rdxb4 h5 21. Kd2 g6 22. a4 Rc7 23. Ra3 Rhc8 24. c3 Bd7 25. Rd4 a5 26. b4 axb4
27. Rxb4 Rc5 28. a5 Ka7 29. Rab3 R8c7 30. Ra3 Bc8 31. Be2 Bd7 32. Bd3 Bc8 33.
Rb5 Bd7 34. Rb4 Bc8 35. Rb6 R7c6 36. Rb4 1/2-1/2

[Event "Thüringenliga 2012/2013"]
[Site "?"]
[Date "2012.11.04"]
[Round "2"]
[White "Steiger, Jürgen"]
[Black "Renner, Wolfgang"]
[Result "1/2-1/2"]
[WhiteElo "1980"]
[BlackElo "1761"]
[PlyCount "106"]
[EventDate "2012.??.??"]
[WhiteTeam "TSG Apolda"]
[BlackTeam "SV Empor Erfurt"]

1. e4 d5 2. exd5 Nf6 3. Nf3 Nxd5 4. d4 g6 5. Be2 Bg7 6. O-O O-O 7. c4 Nb6 8.
Nc3 Bg4 9. Be3 Nc6 10. d5 Bxf3 11. Bxf3 Ne5 12. Bxb6 axb6 13. Be2 Qd6 14. Qc2
c6 15. Rfd1 Qc7 16. b3 Rfd8 17. Rac1 f5 18. a4 Rac8 19. Qd2 Nf7 20. Qe1 Bxc3
21. Qxc3 cxd5 22. Qe3 f4 23. Qh3 d4 24. Bg4 e5 25. Bxc8 Rxc8 26. Qe6 Rd8 27. b4
Rd6 28. Qe8+ Kg7 29. f3 Rc6 30. c5 bxc5 31. Rxc5 Rxc5 32. bxc5 Qxc5 33. Qb5 Qc2
34. Rb1 d3 35. Qb3 Qc5+ 36. Kh1 d2 37. Rd1 Qf2 38. Qc3 Qe2 39. Qxd2 Qa6 40. Qb4
Qc6 41. a5 h5 42. Rb1 Nd6 43. Rd1 Nf7 44. h3 h4 45. Kh2 Qc7 46. Rd5 Qc6 47. Qb5
Qc3 48. Qxb7 Qe1 49. Qb6 Ng5 50. Qc7+ Kh6 51. Qxe5 Nxf3+ 52. gxf3 Qf2+ 53. Kh1
Qf1+ 1/2-1/2